ბათუმის შოთა რუსთაველის სახელმწიფო უნივერსიტეტის ბიბლიოთეკა

Oil and gas production handbook : (ბიბ.ჩანაწერი № 58743)

000 -LEADER
fixed length control field 00804nam a22002057a 4500
005 - DATE AND TIME OF LATEST TRANSACTION
control field 20220712165708.0
008 - FIXED-LENGTH DATA ELEMENTS--GENERAL INFORMATION
fixed length control field 220712s2013en xxu||||| |||| 00| 0 eng d
020 ## - INTERNATIONAL STANDARD BOOK NUMBER
International Standard Book Number 9781329783454
041 ## - LANGUAGE CODE
Language code of text/sound track or separate title eng
080 ## - UNIVERSAL DECIMAL CLASSIFICATION NUMBER
Universal Decimal Classification number 622.24(075) H-24
100 ## - MAIN ENTRY--PERSONAL NAME
Personal name Håvard, Devold
9 (RLIN) 14382
245 ## - TITLE STATEMENT
Title Oil and gas production handbook :
Remainder of title an introduction to oil and gas production, transport, refining and petrochemical industry /
Statement of responsibility, etc. Devold, Havard.
264 ## - PRODUCTION, PUBLICATION, DISTRIBUTION, MANUFACTURE, AND COPYRIGHT NOTICE
Place of production, publication, distribution, manufacture USA:
Name of producer, publisher, distributor, manufacturer Lightning Source ,
Date of production, publication, distribution, manufacture, or copyright notice 2013.
300 ## - PHYSICAL DESCRIPTION
Extent 152 pages .:
Other physical details illustrations ;
Dimensions 23 cm.
653 ## - INDEX TERM--UNCONTROLLED
keyword Oil and gas production handbook
653 ## - INDEX TERM--UNCONTROLLED
keyword Oil fields Production methods.
653 ## - INDEX TERM--UNCONTROLLED
keyword Gisements pétrolifères Production Méthodes.
653 ## - INDEX TERM--UNCONTROLLED
keyword ნავთობისა და გაზის წარმოება
942 ## - ADDED ENTRY ELEMENTS (KOHA)
Source of classification or shelving scheme
Koha item type წიგნი
ეგზემპლარები
Withdrawn status Lost status Source of classification or shelving scheme Damaged status Not for loan Permanent Location Current Location Shelving location Date acquired Cost, normal purchase price Full call number Barcode Date last seen Copy number Price effective from Koha item type Public note
          ბათუმის შოთა რუსთაველის სახელმწიფო უნივერსიტეტის მთავარი ბიბლიოთეკა ბათუმის შოთა რუსთაველის სახელმწიფო უნივერსიტეტის მთავარი ბიბლიოთეკა წიგნსაცავი 2022-07-12 99.00 622.24(075) H-24 62979 2022-07-12 62979 2022-07-12 წიგნი 99 Gel.